[Event "ICS Rated blitz match"]
[Site "204.178.125.65"]
[Date "1999.11.26"]
[Round "?"]
[White "Hossa"]
[Black "Amateur"]
[Result "0-1"]
[WhiteElo "2348"]
[BlackElo "2406"]
[PlyCount "156"]
[EventDate "1999.??.??"]

1. e4 e5 2. Bc4 Nf6 3. d3 Nc6 4. Nc3 Na5 5. Qf3 Nxc4 6. dxc4 Bb4 7. Bg5 h6 8.
Bxf6 Qxf6 9. O-O-O Qxf3 10. Nxf3 Bxc3 11. bxc3 d6 12. c5 Ke7 13. cxd6+ cxd6 14.
Rd2 Be6 15. Kb2 Rac8 16. Rb1 Rc6 17. Rd3 Kf6 18. Nd2 Rb6+ 19. Nb3 h5 20. Rbd1
Rd8 21. R3d2 Kg5 22. f3 Kf4 23. Rd3 h4 24. a4 Bc4 25. R3d2 h3 26. Rg1 hxg2 27.
Rdxg2 g6 28. Rg4+ Ke3 29. R1g3 Rc8 30. Rh4 Ra6 31. a5 b6 32. axb6 Rxb6 33. Rh7
Rcb8 34. Ka2 a5 35. Ka3 Bxb3 36. cxb3 Rxb3+ 37. Ka2 R3b7 38. Ka3 Kd3 39. Rg1
Kxc3 40. Rc1+ Kd2 41. Rc6 Rb3+ 42. Ka2 Rxf3 43. Rxd6+ Ke3 44. Ra6 Rb5 45. Rh4
Rf4 46. Rh7 Kxe4 47. Ka3 Rd5 48. Rg7 Rd3+ 49. Kb2 Rf2+ 50. Kc1 Rh3 51. Rg8
Rhxh2 52. Rd8 Rc2+ 53. Kb1 Rcf2 54. Kc1 Ra2 55. Kb1 g5 56. Rc6 Rhb2+ 57. Kc1
Rf2 58. Kb1 Ra4 59. Rg8 Kd5 60. Ra6 g4 61. Rga8 Ke4 62. Rxa5 Rxa5 63. Rxa5 g3
64. Ra4+ Kf5 65. Ra3 g2 66. Rg3 Rf1+ 67. Ka2 g1=Q 68. Rxg1 Rxg1 69. Kb3 Ke4 70.
Kb4 f5 71. Kc5 f4 72. Kc4 f3 73. Kc5 f2 74. Kc6 f1=Q 75. Kd7 Qc4 76. Kd6 Rg6+
77. Ke7 Rg7+ 78. Kf6 78... Qf7# {Hossa checkmated} 0-1

[Event "ICS Rated blitz match"]
[Site "204.178.125.65"]
[Date "1999.11.26"]
[Round "?"]
[White "Zippy"]
[Black "Hossa"]
[Result "0-1"]
[WhiteElo "2306"]
[BlackElo "2335"]
[PlyCount "144"]
[EventDate "1999.??.??"]

1. d4 Nf6 2. c4 e6 3. Nc3 Bb4 4. e3 O-O 5. Bd3 c5 6. a3 Bxc3+ 7. bxc3 d6 8. Nf3
Qe7 9. h3 e5 10. Bc2 cxd4 11. cxd4 exd4 12. Qxd4 Nc6 13. Qh4 Qc7 14. O-O Ne5
15. Bb2 Qxc4 16. Qxc4 Nxc4 17. Bxf6 gxf6 18. Rfc1 d5 19. Nd4 Be6 20. Kh2 Rac8
21. g4 Rfe8 22. Bd3 Nd2 23. Rd1 Ne4 24. Kg2 Kg7 25. Rac1 Bd7 26. f3 Nd6 27.
Rxc8 Rxc8 28. Bc2 Nb5 29. Nf5+ Bxf5 30. Bxf5 Rc7 31. Rxd5 Nxa3 32. Kg3 Nc4 33.
Kf4 a5 34. Rd7 Rxd7 35. Bxd7 Nd6 36. e4 Kf8 37. Ke3 Nc4+ 38. Kd4 Ne5 39. Bc8
Nxf3+ 40. Kc5 Ng5 41. Bxb7 Nxh3 42. Bc8 Ng5 43. Bf5 Ke7 44. Kd5 a4 45. Kc4 Kd6
46. Kb4 Ke5 47. Kxa4 h6 48. Kb4 Nxe4 49. Bd7 Kf4 50. Kb5 Nf2 51. Be8 Kxg4 52.
Kc5 f5 53. Bxf7 f4 54. Be6+ Kg5 55. Kd4 h5 56. Kc3 h4 57. Bd5 h3 58. Kd2 h2 59.
Ke2 h1=Q 60. Bxh1 Nxh1 61. Kf3 Kf5 62. Kg2 Ke4 63. Kg1 Ke3 64. Kxh1 f3 65. Kh2
f2 66. Kg2 Ke2 67. Kg3 f1=Q 68. Kg4 Qf6 69. Kh5 Kf2 70. Kg4 Qe5 71. Kh4 Kf3 72.
Kh3 72... Qh5# {Zippy checkmated} 0-1

[Event "ICS Rated blitz match"]
[Site "204.178.125.65"]
[Date "1999.11.26"]
[Round "?"]
[White "Hossa"]
[Black "Zippy"]
[Result "1/2-1/2"]
[WhiteElo "2350"]
[BlackElo "2291"]
[PlyCount "110"]
[EventDate "1999.??.??"]

1. e4 g6 2. d4 d6 3. c4 e5 4. dxe5 dxe5 5. Qxd8+ Kxd8 6. Nf3 f6 7. Nc3 Bc5 8.
Be3 Bxe3 9. fxe3 Be6 10. Bd3 Nd7 11. O-O Ne7 12. Nd5 Rf8 13. a3 c6 14. Nc3 Kc7
15. Rad1 Rad8 16. b4 Nb6 17. c5 Nc4 18. Bxc4 Bxc4 19. Rfe1 Rxd1 20. Rxd1 Rd8
21. Rxd8 Kxd8 22. a4 Kd7 23. g4 h6 24. Kf2 Ke6 25. h4 b6 26. h5 bxc5 27. bxc5
gxh5 28. gxh5 Bd3 29. Nd2 Nc8 30. Na2 Bc2 31. a5 Bd1 32. Nf3 Ne7 33. Nb4 Kd7
34. a6 Ke6 35. Kg3 f5 36. exf5+ Kxf5 37. Nd2 Bxh5 38. e4+ Kf6 39. Nc4 Be2 40.
Na5 Bb5 41. Kh4 Kg7 42. Kh5 Kh7 43. Kh4 Kg8 44. Nb7 Kg7 45. Na5 Kg6 46. Nb7 Ba4
47. Nd6 Bd1 48. Nf5 Nxf5+ 49. exf5+ Kxf5 50. Nxc6 Ke6 51. Nxa7 Be2 52. Nc6 Bxa6
53. Nxe5 Be2 54. Ng4 Kd5 55. Nxh6 55... Kxc5 {
Game drawn because neither player has mating material} 1/2-1/2

[Event "ICS Rated blitz match"]
[Site "204.178.125.65"]
[Date "1999.11.26"]
[Round "?"]
[White "StrongBach"]
[Black "Hossa"]
[Result "1/2-1/2"]
[WhiteElo "1891"]
[BlackElo "2346"]
[PlyCount "90"]
[EventDate "1999.??.??"]

1. Nf3 Nf6 2. d4 d5 3. Nc3 Bf5 4. Bd2 Nc6 5. Bf4 Nb4 6. Rc1 e6 7. a3 Nc6 8. Ne5
Bd6 9. Nxc6 bxc6 10. Qd2 Rb8 11. Nd1 Ne4 12. Qe3 O-O 13. g3 c5 14. Bxd6 cxd6
15. f3 Qa5+ 16. b4 cxb4 17. axb4 Rxb4 18. c3 Rbb8 19. g4 Bg6 20. fxe4 Bxe4 21.
Rg1 Rfc8 22. Qf4 e5 23. dxe5 dxe5 24. Qxe5 Qc5 25. Qg3 Re8 26. Qf2 Qc6 27. Qh4
Qc7 28. Qh5 Qc5 29. Rg3 Rb6 30. Nf2 Bg6 31. Qh4 Rb2 32. Nd3 Bxd3 33. Rxd3 Qg1
34. Qf2 Rbxe2+ 35. Qxe2 Rxe2+ 36. Kxe2 Qxg4+ 37. Ke1 Qh4+ 38. Kd1 Qf2 39. Be2
Qxh2 40. c4 d4 41. Rf3 Qg1+ 42. Rf1 Qg3 43. Rf3 Qg1+ 44. Rf1 Qg3 45. Rf3 45...
Qg1+ {Game drawn by repetition} 1/2-1/2

[Event "ICS Rated blitz match"]
[Site "204.178.125.65"]
[Date "1999.11.26"]
[Round "?"]
[White "Hossa"]
[Black "ReBach"]
[Result "1-0"]
[WhiteElo "2332"]
[BlackElo "1127"]
[PlyCount "39"]
[EventDate "1999.??.??"]

1. e4 e6 2. d4 Be7 3. c4 Nf6 4. e5 Ne4 5. Nd2 Bb4 6. Bd3 Qh4 7. g3 Nxg3 8. Ngf3
Qg4 9. hxg3 a5 10. Rh4 f5 11. exf6 Qxh4 12. Nxh4 gxf6 13. Qh5+ Kd8 14. Qh6 f5
15. Qf6+ Ke8 16. Qxh8+ Bf8 17. Qxh7 Bd6 18. Qh8+ Bf8 19. Ng6 c6 20. Qxf8# {
ReBach checkmated} 1-0

[Event "ICS Rated bullet match"]
[Site "204.178.125.65"]
[Date "1999.11.26"]
[Round "?"]
[White "JSBach"]
[Black "Hossa"]
[Result "0-1"]
[WhiteElo "2131"]
[BlackElo "2486"]
[PlyCount "110"]
[EventDate "1999.??.??"]

1. d4 Nf6 2. Bf4 g6 3. e3 Nc6 4. d5 Nb4 5. Nc3 e6 6. e4 exd5 7. exd5 Qe7+ 8.
Be2 Qc5 9. Be3 Qa5 10. Bc4 Bg7 11. Nge2 Ng4 12. Bd4 O-O 13. Bxg7 Kxg7 14. O-O
Ne5 15. Qd4 Re8 16. Bb3 Kg8 17. a3 Na6 18. f4 Ng4 19. Rae1 Ne3 20. Rf3 Nf5 21.
Qf2 Qc5 22. Qxc5 Nxc5 23. Nb5 Na6 24. a4 c6 25. dxc6 bxc6 26. Nbc3 Nc5 27. Rh3
Nd4 28. Bc4 d5 29. Nxd5 cxd5 30. Bxd5 Bxh3 31. Bxa8 Nxe2+ 32. Kf2 Rxa8 33. Rxe2
Bg4 34. Re7 Nxa4 35. Kg3 Bd1 36. b3 Nc3 37. Rc7 Ne2+ 38. Kh4 Nxf4 39. Kg3 Ne6
40. Rc4 Re8 41. Rc6 Nd4 42. Rc7 a5 43. Rd7 Nf5+ 44. Kf4 Bxc2 45. Ra7 Re4+ 46.
Kf3 Nd4+ 47. Kg3 Nxb3 48. Kf2 Kg7 49. g3 a4 50. Rc7 Nd4 51. Rd7 Re2+ 52. Kf1
Rd2 53. h4 Bd3+ 54. Kg1 Nf3+ 55. Kh1 55... Rh2# {JSBach checkmated} 0-1

[Event "ICS rated bullet match"]
[Site "204.178.125.65"]
[Date "1999.11.26"]
[Round "?"]
[White "Hossa"]
[Black "JSBach"]
[Result "1-0"]
[WhiteElo "2490"]
[BlackElo "2127"]
[PlyCount "119"]
[EventDate "1999.??.??"]

1. e4 e5 2. Nc3 Bb4 3. Nd5 Bc5 4. b4 Bf8 5. b5 c6 6. Nc3 Nf6 7. Nf3 Bb4 8. Nxe5
d6 9. Nc4 cxb5 10. Nxb5 Nxe4 11. c3 Qe7 12. Qe2 Bc5 13. d4 d5 14. Ne3 a6 15.
Nxd5 Nxc3 16. Nbxc3 Qxe2+ 17. Nxe2 Bd6 18. Nb6 Ra7 19. Nxc8 Bb4+ 20. Bd2 Bxd2+
21. Kxd2 Ra8 22. Nd6+ Ke7 23. Nxb7 Nd7 24. Nf4 Rhc8 25. Re1+ Kf8 26. Nd5 Rcb8
27. Nc7 Ra7 28. Bxa6 Rxa6 29. Nxa6 Rxb7 30. Rb1 Ra7 31. Nb4 g6 32. Rhe1 Nf6 33.
f4 Rd7 34. Nc2 Nd5 35. g3 Rd8 36. Rb5 h5 37. Re5 Nc7 38. Rb7 f6 39. Rxc7 fxe5
40. fxe5 Ra8 41. a3 Re8 42. Kd3 Re6 43. Ke4 Ra6 44. h3 Ke8 45. h4 Kd8 46. Rb7
Rc6 47. Kd3 Kc8 48. Rf7 Rb6 49. Kc3 Re6 50. Kd3 Rb6 51. Nb4 Re6 52. Ke4 Kb8 53.
d5 Rb6 54. d6 Kc8 55. Rc7+ Kd8 56. Nc6+ Rxc6 57. Rxc6 g5 58. e6 g4 59. Rc7 Ke8
60. Rc8# {JSBach checkmated} 1-0

[Event "ICS Rated standard match"]
[Site "204.178.125.65"]
[Date "1999.11.26"]
[Round "?"]
[White "Hossa"]
[Black "Moron"]
[Result "0-1"]
[WhiteElo "2261"]
[BlackElo "2622"]
[PlyCount "80"]
[EventDate "1999.??.??"]

1. e4 e5 2. Nc3 Nc6 3. Nf3 Nf6 4. d4 exd4 5. Nxd4 Bb4 6. Nxc6 bxc6 7. Bd3 d5 8.
exd5 cxd5 9. Qe2+ Be7 10. O-O O-O 11. Re1 Re8 12. Bg5 Bg4 13. Qe5 c6 14. Qg3
Be6 15. Bh6 Nh5 16. Qe5 g6 17. Qd4 Qb6 18. Qxb6 axb6 19. Ne2 Bd7 20. a3 g5 21.
Rad1 Bf6 22. c3 c5 23. Kh1 Re6 24. g4 Ba4 25. Ra1 Bd8 26. Bxg5 Bxg5 27. gxh5
Bd2 28. Rg1+ Kh8 29. Rg3 c4 30. Nd4 cxd3 31. Nxe6 fxe6 32. Rxd3 Bf4 33. Rd4 e5
34. Rb4 Be8 35. h6 Bh5 36. Rxf4 exf4 37. Kg2 Rg8+ 38. Kh3 Be2 39. Re1 f3 40. a4
40... Rg2 {Hossa resigns} 0-1

[Event "ICS Rated blitz match"]
[Site "204.178.125.65"]
[Date "1999.11.26"]
[Round "?"]
[White "NSg3"]
[Black "Hossa"]
[Result "0-1"]
[WhiteElo "2135"]
[BlackElo "2327"]
[PlyCount "68"]
[EventDate "1999.??.??"]

1. d4 Nf6 2. c4 e6 3. Nf3 b6 4. g3 Ba6 5. b3 d5 6. cxd5 exd5 7. Bg2 Bb4+ 8. Bd2
Bxd2+ 9. Nbxd2 Qe7 10. O-O Bxe2 11. Qc2 Bxf1 12. Bxf1 O-O 13. Rc1 c5 14. dxc5
bxc5 15. Qxc5 Qxc5 16. Rxc5 Nbd7 17. Rc7 Rfc8 18. Rxc8+ Rxc8 19. Nd4 Rc1 20.
Kg2 Ra1 21. a4 Nc5 22. Nc6 Ra2 23. Nf3 Nxb3 24. Nxa7 Ne4 25. Bb5 Rxf2+ 26. Kh3
Rxf3 27. Nc6 Nc3 28. Ne7+ Kf8 29. Nc8 Re3 30. Bc6 d4 31. Nd6 Re6 32. Nxf7 Rxc6
33. Ne5 Ra6 34. Nd7+ 34... Ke8 {NSg3 resigns} 0-1

[Event "ICS Rated blitz match"]
[Site "204.178.125.65"]
[Date "1999.11.26"]
[Round "?"]
[White "Hossa"]
[Black "Zippy"]
[Result "0-1"]
[WhiteElo "2335"]
[BlackElo "2298"]
[PlyCount "132"]
[EventDate "1999.??.??"]

1. e4 e5 2. Nf3 Nc6 3. Bb5 a6 4. Ba4 Nf6 5. Nc3 Bb4 6. d3 b5 7. Bb3 d5 8. exd5
Nxd5 9. Bd2 Nxc3 10. bxc3 Be7 11. Qe2 Qd6 12. O-O O-O 13. Rae1 Bg4 14. Qe4 Bxf3
15. Qxf3 Rad8 16. Re2 Na5 17. Qe3 Nxb3 18. axb3 Bf6 19. b4 Qc6 20. Ra1 g6 21.
Qh3 Bg7 22. Ra3 f6 23. Bh6 Rf7 24. Bxg7 Kxg7 25. Qe3 Rfd7 26. f4 Rd5 27. Kh1
Kh8 28. Qf3 exf4 29. Qxf4 Rf5 30. Qc1 Rh5 31. Qe1 Rg5 32. Ra5 Ra8 33. d4 Rd8
34. Qa1 Rd6 35. Kg1 Re6 36. Rf2 Rg4 37. d5 Qxd5 38. Rxa6 Rge4 39. Rxe6 Qxe6 40.
Rf1 Re2 41. Qa8+ Kg7 42. Qb7 Qe3+ 43. Kh1 Re1 44. Qxc7+ Kh6 45. Qf4+ Qxf4 46.
Rxe1 Qd2 47. Rf1 Kg5 48. h4+ Kxh4 49. Rf3 Qxc2 50. Kh2 Kg5 51. Rg3+ Kf5 52. Rh3
h5 53. Rf3+ Ke4 54. Rg3 g5 55. Rh3 h4 56. Rf3 g4 57. Rf1 Qxc3 58. Kg1 Qxb4 59.
Rc1 Qd4+ 60. Kh1 b4 61. Re1+ Kf4 62. Rb1 Qe4 63. Rxb4 Qxb4 64. Kh2 g3+ 65. Kh3
Qe4 66. Kxh4 66... Qh7# {Hossa checkmated} 0-1

[Event "ICS Unrated blitz match"]
[Site "204.178.125.65"]
[Date "1999.11.26"]
[Round "?"]
[White "Hossa"]
[Black "Moron"]
[Result "0-1"]
[WhiteElo "2317"]
[BlackElo "2664"]
[PlyCount "99"]
[EventDate "1999.??.??"]

1. e4 e5 2. Nf3 Nc6 3. Bb5 a6 4. Ba4 Nf6 5. O-O Be7 6. Re1 b5 7. Bb3 d6 8. c3
O-O 9. h3 Na5 10. Bc2 c5 11. d4 Qc7 12. Nbd2 Nc6 13. d5 Nd8 14. a4 Rb8 15. axb5
axb5 16. b3 Nb7 17. Qe2 Na5 18. Bb2 Bd7 19. Ra2 Nh5 20. Rea1 Nf4 21. Qd1 Ra8
22. b4 cxb4 23. cxb4 Rac8 24. Bxe5 dxe5 25. bxa5 Bb4 26. Bb3 Bc3 27. Rb1 Qd6
28. Qf1 Ra8 29. Rc1 Bb4 30. a6 Rfe8 31. Rca1 Ra7 32. Kh1 f6 33. Rc1 Rea8 34.
Rc6 Qb8 35. Rcc2 Qb6 36. Ra1 Bc5 37. Kg1 Rxa6 38. Rxa6 Rxa6 39. Ba2 Bd6 40. Bb1
Ra3 41. Ra2 Rxa2 42. Bxa2 Qc7 43. Qd1 Qa7 44. Bb3 Nd3 45. Qe2 Nxf2 46. Kf1 Bc5
47. Ne1 Nh1 48. Qd3 Bb4 49. Ke2 Qf2+ 50. Kd1 {Hossa resigns} 0-1

[Event "ICS Rated blitz match"]
[Site "204.178.125.65"]
[Date "1999.11.26"]
[Round "?"]
[White "Zippy"]
[Black "Hossa"]
[Result "1-0"]
[WhiteElo "2303"]
[BlackElo "2317"]
[PlyCount "116"]
[EventDate "1999.??.??"]

1. e4 e5 2. Nf3 Nc6 3. Bb5 a6 4. Ba4 Nf6 5. O-O Be7 6. Bxc6 dxc6 7. Nxe5 Nxe4
8. d3 Nd6 9. Nc3 O-O 10. Re1 f6 11. Ng4 Nf5 12. Bd2 Nd4 13. Ne3 Re8 14. Qh5 Be6
15. a3 Qd7 16. Ne4 b6 17. Kh1 Rad8 18. b3 Bf7 19. Qd1 f5 20. Nc3 f4 21. Nc4 f3
22. Rg1 fxg2+ 23. Rxg2 Qh3 24. Rg3 Qf5 25. Rg2 Nf3 26. Ne3 Qh3 27. Ng4 Nxd2 28.
Qxd2 Rd6 29. Rg3 Qh5 30. Re1 Re6 31. Rxe6 Bxe6 32. Qe2 Qg6 33. Ne4 Bxg4 34.
Qxg4 Qxg4 35. Rxg4 Kf7 36. b4 Bf6 37. Rf4 h5 38. Kg2 Re5 39. d4 Re7 40. Kf3 Rd7
41. Nxf6 gxf6 42. Ke3 Rd8 43. c4 b5 44. Kd3 Re8 45. Rf5 Kg6 46. Rc5 Re6 47. a4
bxa4 48. Ra5 Re1 49. Rxa4 Rd1+ 50. Ke4 Rd2 51. Rxa6 c5 52. bxc5 Rxf2 53. Ra7 c6
54. d5 cxd5+ 55. cxd5 Rd2 56. c6 Rxh2 57. c7 Rc2 58. d6 58... f5+ {
Hossa resigns} 1-0

[Event "ICS Rated blitz match"]
[Site "204.178.125.65"]
[Date "1999.11.26"]
[Round "?"]
[White "Hossa"]
[Black "NSg3"]
[Result "1-0"]
[WhiteElo "2297"]
[BlackElo "2140"]
[PlyCount "71"]
[EventDate "1999.??.??"]

1. c4 Nf6 2. g3 c5 3. Nf3 Nc6 4. Bg2 g6 5. O-O Bg7 6. d3 e5 7. Nc3 O-O 8. Nd5
Nxd5 9. cxd5 Ne7 10. Qb3 d6 11. Bd2 Qb6 12. Rfb1 Qxb3 13. axb3 a6 14. Nh4 f5
15. b4 b6 16. bxc5 bxc5 17. Bg5 Bf6 18. Bh6 Rd8 19. Ra3 Kf7 20. Nf3 Bd7 21.
Ng5+ Bxg5 22. Bxg5 Rdb8 23. f4 Rb6 24. fxe5 Rab8 25. e6+ Bxe6 26. dxe6+ Kxe6
27. Bc1 Nd5 28. Bxd5+ Kxd5 29. Rba1 Ra8 30. h4 Kc6 31. e3 d5 32. Kg2 Kb7 33.
Kf3 h6 34. Ra4 Re8 35. Ra5 Rb5 36. Rxa6 {NSg3 resigns} 1-0

[Event "ICS rated blitz match"]
[Site "204.178.125.65"]
[Date "1999.11.26"]
[Round "?"]
[White "NSg3"]
[Black "Hossa"]
[Result "0-1"]
[WhiteElo "2131"]
[BlackElo "2306"]
[Annotator "Hiarcs 7.32 (11s)"]
[PlyCount "36"]
[EventDate "1999.??.??"]

1. d4 1... Nf6 {Opening = 6.cd5 ed5 7.Bg2 Bb4 8.Bd2 ---} 2. c4 e6 3. Nf3 b6 4.
g3 Ba6 5. b3 d5 6. cxd5 exd5 7. Bg2 Bb4+ (7... c5 8. O-O Nc6 9. Nc3 Rc8 10. Bg5
Be7 11. dxc5 bxc5 12. Rc1 Nb4 13. a3 d4 14. axb4 dxc3 15. Rxc3 O-O 16. Qa1 cxb4
17. Rxc8 Bxc8 18. Qxa7 h6 19. Be3 Qd7 20. Qxd7 Bxd7 21. Ra1 Rc8 22. Nd4 Kf8 23.
Bd2 Bd6 24. e3 Ke7 25. h3 Ne8 26. Ra7 Bc5 27. Ra5 Nd6 28. Nc6+ {
1-0 Damljanovic,B-Arsovic,G/Belgrade Trako 1995/EXP 47 (28)}) 8. Bd2 Bxd2+ 9.
Qxd2 (9. Nbxd2 O-O 10. O-O c5 11. Ne5 Nbd7 12. Ndf3 Rc8 13. Rc1 Nxe5 14. Nxe5
Qd6 15. Bh3 Rc7 16. Re1 Ne4 17. f3 Ng5 18. Bg2 Ne6 19. f4 Rd8 20. e3 f6 21. Nf3
c4 22. bxc4 Bxc4 23. Nd2 23... b5 {
Van der Sterren,P-Ljubojevic,L/Wijk 1986/TD 86\01/0-1 (42)}) 9... Ne4 10. Qc2
$146 (10. Qb4 Bb7 11. O-O Nc6 12. Qa3 Qe7 13. Qxe7+ Nxe7 14. Rc1 O-O-O 15. Ne5
Nd6 16. Nc3 Kb8 17. a4 f6 18. Nd3 c6 19. a5 b5 20. Na2 Ndf5 21. e3 g5 22. Nab4
a6 23. Bh3 Rd6 24. Rc3 24... Bc8 {
Van der Sterren,P-Van der Wiel,J/Brussels zt 1993/EXP 34/1-0 (43)}) 10... O-O
11. O-O c5 12. Rc1 Nc6 13. dxc5 bxc5 14. Nbd2 f5 15. e3 $4 $19 {Ueberdeckt d4}
(15. a3 $15 $142 {ist gerade noch spielbar}) 15... Nb4 16. Qd1 Nd3 17. Nxe4
fxe4 18. Bf1 (18. Ne1 Nxc1 19. Rxc1 $19) 18... Rxf3 (18... Rxf3 19. Bxd3 19...
Bxd3 $19) 0-1

[Event "ICS Rated blitz match"]
[Site "204.178.125.65"]
[Date "1999.11.26"]
[Round "?"]
[White "Hossa"]
[Black "PackMaster"]
[Result "0-1"]
[WhiteElo "2315"]
[BlackElo "2526"]
[PlyCount "120"]
[EventDate "1999.??.??"]

1. d4 Nf6 2. c4 e6 3. Nf3 d5 4. Nc3 Be7 5. Bg5 h6 6. Bh4 O-O 7. e3 b6 8. Be2
Bb7 9. cxd5 Nxd5 10. Bxe7 Qxe7 11. Rc1 Rc8 12. O-O c5 13. Qb3 Nd7 14. Ne4 cxd4
15. Nxd4 N7f6 16. Nxf6+ Nxf6 17. Qa4 Be4 18. f3 e5 19. Rxc8+ Rxc8 20. fxe4 exd4
21. exd4 Qxe4 22. Bf3 Qe3+ 23. Kh1 Rc1 24. Rxc1 Qxc1+ 25. Bd1 Qxb2 26. Qc4 Qa1
27. Qc8+ Kh7 28. Qc2+ g6 29. h3 Qxd4 30. Bf3 Kg7 31. Kh2 Nd5 32. Qe2 Nc3 33.
Qe7 Nxa2 34. Qxa7 Qd6+ 35. g3 Nc3 36. h4 Qc5 37. Kg2 Qe3 38. Qc7 b5 39. h5 g5
40. Qd6 Ne2 41. Bxe2 Qxe2+ 42. Kg1 Qe3+ 43. Kg2 g4 44. Qd5 b4 45. Qc4 Qd2+ 46.
Kg1 Qd1+ 47. Kh2 b3 48. Qc3+ Kh7 49. Qf6 Kg8 50. Qf2 Qc2 51. Kh1 Qb1+ 52. Kh2
Qa2 53. Kh1 b2 54. Kh2 b1=Q 55. Qxa2 Qxa2+ 56. Kg1 f5 57. Kf1 f4 58. gxf4 g3
59. Ke1 g2 60. f5 60... g1=Q# {Hossa checkmated} 0-1

[Event "ICS Rated blitz match"]
[Site "204.178.125.65"]
[Date "1999.11.26"]
[Round "?"]
[White "Pietari"]
[Black "Hossa"]
[Result "1-0"]
[WhiteElo "2640"]
[BlackElo "2314"]
[PlyCount "63"]
[EventDate "1999.??.??"]

1. e4 d5 2. exd5 Qxd5 3. Nc3 Qd6 4. Nf3 Nf6 5. Bb5+ c6 6. Be2 Bg4 7. O-O Nbd7
8. Ng5 Bf5 9. d3 Bg6 10. Be3 b6 11. a4 Qb4 12. Bf3 Ne5 13. Rb1 h6 14. Nh3 e6
15. Re1 Be7 16. Bxh6 Rxh6 17. Rxe5 Qd6 18. Qe2 Nd7 19. Re3 O-O-O 20. a5 b5 21.
d4 Rdh8 22. d5 Rxh3 23. gxh3 Rxh3 24. dxe6 Qxh2+ 25. Kf1 fxe6 26. Bxc6 Nb8 27.
Rxe6 Bf6 28. Re8+ Kc7 29. Nxb5+ Kxc6 30. Qc4+ Kb7 31. Qc8+ Ka8 32. Qc6# {
Hossa checkmated} 1-0

[Event "ICS Rated blitz match"]
[Site "204.178.125.65"]
[Date "1999.11.26"]
[Round "?"]
[White "Hossa"]
[Black "Beadle"]
[Result "1-0"]
[WhiteElo "2310"]
[BlackElo "2560"]
[PlyCount "149"]
[EventDate "1999.??.??"]

1. e4 e5 2. Nf3 Nf6 3. Nc3 Bb4 4. Nxe5 O-O 5. f3 d5 6. exd5 Re8 7. f4 Ng4 8.
Be2 Nxe5 9. fxe5 Bxc3 10. dxc3 Rxe5 11. O-O Rxd5 12. Bd3 Nc6 13. c4 Re5 14. Bf4
Re7 15. Rf2 h6 16. Qd2 Qe8 17. Raf1 Be6 18. Bxh6 gxh6 19. Qxh6 f5 20. Bxf5 Bxf5
21. Rxf5 Rg7 22. Rh5 Qxh5 23. Qxh5 Rd8 24. Qe2 Kh8 25. Qe3 Kg8 26. c5 Kh8 27.
Qh3+ Rh7 28. Qb3 Nd4 29. Qxb7 Ne2+ 30. Kf2 Re7 31. g4 Rd2 32. Qb8+ Kg7 33. Kg2
Nd4+ 34. Rf2 Rxf2+ 35. Kxf2 Nxc2 36. Qxa7 Nb4 37. Kg3 Nd3 38. c6 Ne5 39. Qc5
Re6 40. Qd5 Kf6 41. Qd8+ Re7 42. g5+ Ke6 43. h4 Nxc6 44. Qd3 Ne5 45. Qb3+ Kf5
46. Qc2+ Ke6 47. Kf4 Rf7+ 48. Ke4 Re7 49. h5 c6 50. g6 Re8 51. Qc5 Kf6 52. Qf2+
Kg5 53. Qf4+ Kxh5 54. Qxe5+ Rxe5+ 55. Kxe5 Kxg6 56. a4 Kf7 57. a5 Ke7 58. a6
Kd7 59. a7 Kc7 60. b4 Kb7 61. Kd6 Kxa7 62. Kxc6 Kb8 63. Kb6 Ka8 64. b5 Kb8 65.
Ka6 Kc8 66. b6 Kb8 67. b7 Kc7 68. Ka7 Kd6 69. b8=Q+ Kc5 70. Qf4 Kb5 71. Qd4 Ka5
72. Kb7 Kb5 73. Kc7 Ka5 74. Kc6 Ka6 75. Qa4# {Beadle checkmated} 1-0

[Event "ICS Rated standard match"]
[Site "204.178.125.65"]
[Date "1999.11.26"]
[Round "?"]
[White "Moron"]
[Black "Hossa"]
[Result "1-0"]
[WhiteElo "2626"]
[BlackElo "2257"]
[PlyCount "149"]
[EventDate "1999.??.??"]

1. e4 e5 2. Nf3 Nf6 3. Nxe5 Qe7 4. d4 d6 5. Nf3 Qxe4+ 6. Qe2 Qxe2+ 7. Bxe2 Nc6
8. c3 Bg4 9. Be3 Nd5 10. c4 Nxe3 11. fxe3 Be7 12. Nc3 O-O-O 13. Kd2 Rhe8 14.
Nd5 Bf8 15. Raf1 f6 16. Bd3 Nb8 17. Bxh7 c6 18. Nc3 Nd7 19. Bg6 Re7 20. Nh4 Nb6
21. Bd3 Bh5 22. h3 Kb8 23. b3 Bf7 24. Rb1 d5 25. c5 Na8 26. b4 Re6 27. b5 cxb5
28. Rxb5 Be8 29. Rb2 Bc6 30. Bf5 Ree8 31. Ng6 Nc7 32. Rhb1 Ne6 33. Ne2 Ng5 34.
Nef4 Ne4+ 35. Kd3 Ng3 36. Bg4 Ne4 37. Nxf8 Rxf8 38. Ne6 Rfe8 39. Nxd8 Rxd8 40.
Bf5 Re8 41. Bxe4 Rxe4 42. Rb3 Re7 43. Ra3 Be8 44. Ke2 Bg6 45. Rb2 Be8 46. Kf3
Ka8 47. Kf4 Re4+ 48. Kf5 Bd7+ 49. Kg6 Re7 50. Rbb3 Kb8 51. Ra6 Be8+ 52. Kh7 Bd7
53. Kg8 Bf5 54. Rd6 Kc8 55. Kf8 Rc7 56. Rb2 Be4 57. Re6 Bg6 58. Re7 Rxe7 59.
Kxe7 Be4 60. Kf7 g6 61. Kxf6 Kc7 62. Ke5 Kc8 63. Kd6 a6 64. h4 a5 65. a4 Bf5
66. Rf2 b6 67. c6 b5 68. axb5 Kb8 69. b6 a4 70. h5 Bc8 71. hxg6 a3 72. Rf8 a2
73. Rxc8+ Kxc8 74. g7 a1=Q 75. g8=Q# {Hossa checkmated} 1-0

[Event "ICS rated blitz match"]
[Site "204.178.125.65"]
[Date "1999.11.26"]
[Round "?"]
[White "Beadle"]
[Black "Hossa"]
[Result "1-0"]
[WhiteElo "2550"]
[BlackElo "2329"]
[PlyCount "119"]
[EventDate "1999.??.??"]

1. d4 Nf6 2. c4 e6 3. Nf3 d5 4. Nc3 Be7 5. Bg5 h6 6. Bh4 O-O 7. e3 b6 8. Bxf6
Bxf6 9. cxd5 exd5 10. Qb3 Be6 11. Bd3 c5 12. Qa4 cxd4 13. Nxd4 Bxd4 14. Qxd4
Nc6 15. Qf4 Re8 16. Rd1 Rc8 17. Be4 Ne7 18. Rd4 f5 19. Bf3 Qc7 20. Qxc7 Rxc7
21. O-O Rc5 22. Rfd1 Rd8 23. h4 Kf7 24. h5 Kf6 25. g4 Ke5 26. gxf5 Nxf5 27. Rf4
Rd7 28. Be2 Rf7 29. a3 a5 30. Na4 Rc2 31. Bd3 Rc6 32. Nc3 Ne7 33. Rd4 Rf3 34.
Be2 Rh3 35. Kg2 Rc7 36. Bf3 Rc5 37. a4 Bf5 38. Nxd5 Nxd5 39. Rxd5+ Kf6 40. Rxc5
bxc5 41. Rd6+ Kf7 42. Rd5 Be6 43. Rxc5 Rh4 44. e4 g5 45. hxg6+ Kg7 46. Rxa5
Kxg6 47. Ra6 Kf7 48. Rxe6 Kxe6 49. Kg3 Rxe4 50. Bxe4 Kd6 51. b4 Kd7 52. a5 h5
53. a6 Kd6 54. a7 Ke5 55. a8=Q h4+ 56. Kxh4 Kd6 57. Qe8 Kc7 58. Qe7+ Kc8 59.
Ba8 Kb8 60. Qb7# {Hossa checkmated} 1-0

[Event "ICS rated standard match"]
[Site "204.178.125.65"]
[Date "1999.11.26"]
[Round "?"]
[White "Beadle"]
[Black "Hossa"]
[Result "1-0"]
[WhiteElo "2369"]
[BlackElo "2254"]
[PlyCount "105"]
[EventDate "1999.??.??"]

1. e4 Nc6 2. d4 d5 3. Nc3 dxe4 4. d5 Nb8 5. Nxe4 Nf6 6. Nxf6+ exf6 7. Bc4 Bb4+
8. c3 Be7 9. Nf3 O-O 10. O-O Nd7 11. Bd3 Re8 12. Re1 Nc5 13. Bc2 a5 14. Bf4 Bg4
15. h3 Bh5 16. b4 axb4 17. cxb4 Na6 18. Ba4 Rf8 19. a3 Bd6 20. Re4 Bg6 21. Rd4
Nb8 22. Bxd6 Qxd6 23. Rc1 Bh5 24. Rc3 Rd8 25. g4 Bg6 26. Rdc4 Rc8 27. Nd4 Nd7
28. Nb5 Qa6 29. Rxc7 Rd8 30. Nd4 Ne5 31. Bb3 Qb6 32. R7c5 Rxa3 33. f4 Nd7 34.
f5 Bxf5 35. Nxf5 Nxc5 36. bxc5 Qa5 37. Qf3 Kh8 38. d6 Qb4 39. Qe3 Rf8 40. d7
Ra1+ 41. Kf2 b6 42. c6 h5 43. c7 Raa8 44. c8=Q Kh7 45. Qc6 Rfd8 46. Nxg7 hxg4
47. Qxf6 g3+ 48. Kf3 Qxc3 49. Qf5+ Kh8 50. Qh5+ Kg8 51. Qxf7+ Kh7 52. Qh5+ Kxg7
53. Qhh6# {Hossa checkmated} 1-0

[Event "ICS rated blitz match"]
[Site "204.178.125.65"]
[Date "1999.11.27"]
[Round "?"]
[White "Hossa"]
[Black "star51"]
[Result "0-1"]
[WhiteElo "2331"]
[BlackElo "2137"]
[PlyCount "72"]
[EventDate "1999.??.??"]

1. e4 c5 2. Nf3 d6 3. d3 g6 4. Be2 Bg7 5. O-O Nf6 6. Re1 O-O 7. Bf1 e5 8. Nc3
Nc6 9. Nd5 Nxd5 10. exd5 Nd4 11. c3 Nxf3+ 12. Qxf3 f5 13. Be2 b6 14. Bd2 Bb7
15. c4 a5 16. Qh3 Qc7 17. Bh6 Rae8 18. Bf3 Bxh6 19. Qxh6 Qg7 20. Qd2 g5 21. a3
g4 22. Bd1 h5 23. Ba4 Re7 24. b4 f4 25. bxc5 bxc5 26. Rab1 Bc8 27. Rb6 Qf6 28.
Qxa5 f3 29. g3 h4 30. gxh4 Qxh4 31. Rxd6 Qh3 32. Rg6+ Kh7 33. Rh6+ Kxh6 34.
Qb6+ Be6 35. Qxe6+ Rxe6 36. dxe6 36... Qg2# {Hossa checkmated} 0-1